000 00442nam a2200181Ia 4500
001 20611
005 20260306172818.0
008 260306t2013||||xx |||||||||||||| ||spa||
041 _aESP
082 _a343.5
_bJ92
100 _aJurado Nacional de Elecciones
_eAUT
245 0 _aCompendio de legislación electoral
260 _c2013
300 _a582 pƔginas :
_c24 cm.
650 _aGEN
654 _aCDE
942 _cLIB
_dJUS
_fJUS
_2ddc
_n
999 _c20611
_d20611